LIBRARY & INFORMATION CENTRE, KCAET, TAVANUR

ONLINE PUBLIC ACCESS CATALOGUE (OPAC)

Tilak and the struggle for Indian Freedom / (Record no. 272)

MARC details
000 -LEADER
fixed length control field 00775cam a2200205ua 4500
041 ## - LANGUAGE CODE
Language code of text/sound track or separate title eng
082 ## - DEWEY DECIMAL CLASSIFICATION NUMBER
Classification number 954.03
Item number REI/TI
100 ## - MAIN ENTRY--AUTHOR NAME
Personal name Reisner, I M.
245 ## - TITLE STATEMENT
Title Tilak and the struggle for Indian Freedom /
250 ## - EDITION STATEMENT
Edition statement 1 /
260 ## - PUBLICATION, DISTRIBUTION, ETC. (IMPRINT)
Place of publication New Delhi :
Name of publisher Peoples publishing house ,
Year of publication 1966.
300 ## - PHYSICAL DESCRIPTION
Number of Pages 682 ; .
700 1# - ADDED ENTRY--PERSONAL NAME
Personal name Goldberg, N M.
942 ## - ADDED ENTRY ELEMENTS (KOHA)
Koha item type Books
Holdings
Withdrawn status Lost status Damaged status Home library Current library Date acquired Full call number Accession Number Koha item type
Withdrawn     KAUAET KAUAET 07/04/2012 954.03 10377 Books
free website counter